| 000 | 00418nam a2200109Ia 4500 | ||
|---|---|---|---|
| 008 | 170221s9999 xx 000 0 und d | ||
| 100 | _aSyaiful Baharee Jaafar | ||
| 245 | _aDirector Remuneration Pay: Trends During and After the Financial Crisis of 2007 to 2009 | ||
| 245 | _cSyaiful Baharee Jaafar and Kieran James | ||
| 650 | _xBusiness | ||
| 856 | _uhttp://ro.uow.edu.au/cgi/viewcontent.cgi?article=1492&context=aabfj | ||
| 999 |
_c307549 _d307549 |
||